00542cam a22001932 4500001001100000005001700011008004100028020002700069040001500096050002200111100003700133245006100170250001200231260003400243300001500277300001400292650003900306852000300345000002017120151021151138.0110822s xx 000 0 eng d a8120329133 :cKES 2650 aKABUcKABU 0aQA76.6b.T36 20101 aTanenbaum, Andrew S.@000014819410aStructured computer organization /cAndrew S. Tanenbaum. a5th ed. aDelhi :bPHI learning,c2006. axx, 777 p. e1 CD-ROM. 0aComputer organization.@00001481921